| 000 | 00609nam a22001817a 4500 | ||
|---|---|---|---|
| 003 | NUST | ||
| 038 | _aMr.Zahoor | ||
| 082 | _a610 | ||
| 100 |
_aShahzadi,Neelam _915958 |
||
| 245 |
_aSAIKOSAPONIN B3 PROTECTS AGAINST MPTP-INDUCED PARKINSON'S DISEASE BY PREVENTING MITOCHONDRIAL OXIDATIVE DAMAGE / _cNeelam Shahzadi |
||
| 260 |
_aIslamabad : _bSMME - NUST, _c2016. |
||
| 300 |
_a57 P. : ill. ; _c30cm. |
||
| 500 | _aHardcover, | ||
| 600 | _2MS Biomedical Sciences (BMS) | ||
| 700 | _4Supervised : Dr. Adeeb Shehzad | ||
| 856 | _uhttp://10.250.8.41:8080/xmlui/handle/123456789/35612 | ||
| 942 |
_2ddc _cTHE |
||
| 999 |
_c525210 _d525210 |
||